Šanca na šťastie

Bibliographic Details
Main Author: Bosmans, Phil, 1922-2012 (Author)
Other Authors: Tvarožek, Eduard Vladimír, 1920-1999 (Translator), Brezániová, Eva (Illustrator), Kerremans, Lydia (Translator)
Format: Book
Language:Slovak
Esperanto
Dutch
PhysicalDescription:100 s. ilustr. 21 cm
Published: Partizánske Espero 2007
ISBN:9788096953349
Edition:[1. slov.-esperantské vyd.]
Subjects:

MARC

LEADER 00000nam a2200000 a 4500
001 vtls009005273
003 SK-MaSNL
005 20260302075816.0
008 251031s2007 xo a g 000 1 slo
015 |a SNBA2007/12-05798 
020 |a 9788096953349  |q (brož.) 
035 |a 6AD7D642-1E32-48A6-AF36-88CC465182CF 
035 |a urn:nbn:sk:snk-aml2ox 
035 |a urn:nbn:sk:snk-am008lqk 
040 |a SNK  |b slo  |c SNK  |e AACR2 
041 1 |a slo  |a epo  |h dut  |h epo 
044 |a xo  |c SK 
072 7 |a 17  |x Etika. Morálna filozofia  |2 konspekt 
080 |a 17.023.34  |2 2001 
080 |a 17.02  |2 2001 
080 |a (0:82-4)  |2 2001 
080 |a (0:82-1)  |2 2001 
100 1 |a Bosmans, Phil,  |d 1922-2012  |4 aut  |9 56643 
240 1 0 |a Menslief ik hou van je  |l Slovensky 
245 1 0 |a Šanca na šťastie  |c Phil Bosmans ; [preklad z holandského originálu do esperanta: Lydia Kerremans ; preklad z esperanta do slovenčiny: Eduard V. Trarožek ; ilustrácie do knihy: Eva Brezániová] 
246 1 1 |a Sanco por felico 
250 |a [1. slov.-esperantské vyd.] 
260 |a Partizánske  |b Espero  |c 2007 
300 |a 100 s.  |b ilustr.  |c 21 cm 
500 |a Vydané pre Esono 
546 |a Text aj v esperante 
650 0 7 |a šťastie  |2 SNKPH  |9 24114 
650 0 7 |a zmysel života  |2 SNKPH  |9 4977 
655 7 |a úvahy  |2 SNKPH  |9 29403 
655 7 |a poézia  |2 SNKPH  |9 70555 
700 1 |a Tvarožek, Eduard Vladimír,  |d 1920-1999  |4 trl  |9 105397 
700 1 |a Brezániová, Eva  |4 ill  |9 298900 
700 1 |a Kerremans, Lydia  |4 trl  |9 743153 
919 |a 978-80-969533-4-9 
958 |a LX 
958 |a UP 
968 |a Esp, slo  |b EO  |c LANGUES DIVERSES  |d 821 
999 |c 1170613  |d 1172543 
952 |a SNK  |b SNK  |y PREZ  |7 0  |p 17A0558081  |o snkSC 128659  |i snk2007/16860  |8 0  |0 0  |1 0  |4 0  |d 2007-07-06  |f 1  |l 0  |r 2025-06-17 00:00:00  |w 2026-02-24 
952 |a SNK  |b SNK  |y VYP  |7 0  |p 17A0564902  |o snkSC 128659 D1  |i snk2007/22319  |8 0  |0 0  |1 0  |4 0  |d 2007-10-17  |l 0  |r 2026-02-24 21:02:34  |w 2026-02-24